Normal view MARC view

Entry Nombre personal

Number of records used in: 2

001 - NÚMERO DE CONTROL

  • campo de control: 142073

003 - IDENTIFICADOR DE NÚMERO DE CONTROL

  • campo de control: SpMaBN

005 - FECHA Y HORA DE LA ÚLTIMA TRANSACCIÓN

  • campo de control: 20240209150040.0

008 - ELEMENTOS DE DATO DE LONGITUD-FIJA

  • campo de control de longitud fija: 930105n| aijnnaabn |n aaa

016 ## - NÚMERO DE CONTROL DE UNA AGENCIA BIBLIOGRÁFICA NACIONAL

  • Número de control del registro: BNE19930002574

024 7# - IDENTIFICADOR DE OTROS ESTÁNDARES

  • Número estándar o código: http://viaf.org/viaf/24819445/
  • Fuente: viaf

024 7# - IDENTIFICADOR DE OTROS ESTÁNDARES

  • Número estándar o código: https://isni.org/isni/0000000066388643
  • Fuente: isni

040 ## - FUENTE DE CATALOGACIÓN

  • Centro catalogador/agencia de origen: SpMaBN
  • Lengua de catalogación: spa
  • Centro/agencia transcriptor: SpMaBN
  • Normas de descripción: rdc
  • Convención/Normas de encabezamiento de materia/tesauro: embne

046 ## - FECHAS CON CODIFICACIÓN ESPECIAL

  • Fecha de nacimiento: 1951

100 1# - ENCABEZAMIENTO-NOMBRE DE PERSONA

  • Nombre de persona: Núñez Rey, Concepción,
  • Fechas asociadas al nombre: 1951-

375 ## - GÉNERO/SEXO

  • Género: Femenino

377 ## - IDIOMA ASOCIADO

  • Código del idioma: spa
  • Término de lengua/lenguaje: Español

670 ## - FUENTE DE DATOS ENCONTRADOS

  • Cita de la fuente: Carmen de Burgos, Colombine (1867-1932), 1992
  • Información encontrada: port. (Concepción Núñez Rey)

670 ## - FUENTE DE DATOS ENCONTRADOS

  • Cita de la fuente: WWW BNE, 19-12-2017
  • Información encontrada: (Concepción Núñez Rey; doctora en Filología Hispánica por la Universidad Complutense de Madrid; catedrática de Lengua y Literatura Españolas, profesora del Departamento de Filología Española III de la Facultad de Ciencias de la Información de la Universidad Complutense de Madrid)
  • Identificador Uniforme de Recursos: http://www.bne.es/es/Actividades/2017/11-Noviembre/150Aniversa rioCarmenDeBurgos.html

670 ## - FUENTE DE DATOS ENCONTRADOS

  • Cita de la fuente: WWW Instituto de Estudios Madrileños, 19-12-2017
  • Información encontrada: (n. en Madrid en 1951; catedrática de Lengua y Literatura Españolas en el cuerpo de Profesores de Enseñanza Secundaria)
  • Identificador Uniforme de Recursos: iemadrid.es/descargar_cv?f=admin/CV/5236b6e2c8NUÑEZREY.pdf